000 00574nam a2200193Ia 4500
005 20250508165755.0
008 008 250505s9999 xx 000 0 hin d
037 _aDissertations
040 _aFEDL
_beng
_cFEDL
041 _ahin
_2eng
084 _a305.42, ANK/DI
_qFEDL
100 _aAnkush
245 0 _aSah shiksha vidyalayon mein laingik samajikaran ki prakriya ka adhyayan
260 _c2016
300 _a132p.
546 _aM. Phil Dissertation (Delhi University); C D Included
942 _cDIS
_h305.42, ANK/DI
999 _c1397393
_d1397393